LEADER 00865nam a2200217 i 4500 001 000000130675 003 CaOOAMICUS 005 20090128000000.0 008 090128s1950 ag u000 u mul u 013 $a103478 040 $aSeMil$bita 245 10$a3. 260 $aMendoza :$bUniversidad Nacional de Cuyo,$cstampa 1950. 300 $aP. 1421-2197 ;$c27 cm. 700 1 $aCongreso nacional de filosofía <1. ; 1949 ; Mendoza>.$0(OLS)http://semarc/name/1053 773 0 $tActas del primer Congreso nacional de filosofía.$dMendoza : Universidad Nacional de Cuyo, stampa 1950.$w()1201 850 $aSeMil 852 $aSeMil$W1$xVenegono$y1$m2P V 132$j84711$B84711$CSeMilBibl$Z2$F138945 $81 961 $aRecupero: Altro 996 $6245$a3$9(OLS)http://semarc/title/47129 996 $6260$aMendoza :$bUniversidad Nacional de Cuyo$9(OLS)http://semarc/publisher/30180 LEADER 00910nam a2200241 i 4500 001 000000060710 003 CaOOAMICUS 005 20140418000000.0 008 140418s1949 it u000 u ita u 013 $a31882 040 $aSeMil$bita 100 1 $aUghi, Bruno.$0(OLS)http://semarc/name/30864 245 13$aLa via /$cBruno Ughi ; Xilografie di Dario Betti. 250 $a2. Edizione accresciuta. 260 $aFirenze :$bCya,$c1949. 300 $aX, 130 p. :$bill. ;$c21 cm. 650 4$aVita cristiana - Meditazioni.$0(OLS)http://semarc/subject/1353 650 4$aVita cristiana.$0(OLS)http://semarc/subject/4445 700 1 $aBetti, Dario.$0(OLS)http://semarc/name/30865 850 $aSeMil 852 $aSeMil$W1$xVenegono$y1$m2K II 134$j26863$B26863$CSeMilBibl$Z2$F26866 $81 996 $6245$aLa via$9(OLS)http://semarc/title/95218 996 $6260$aFirenze :$bCya$9(OLS)http://semarc/publisher/37311